Sports Quiz

Random Sports or Football Quiz

NFL Last 3 1st Round RBs by Team Quiz Stats

 Plays Quiz Updated Apr 24, 2020

     
Support Sporcle.
Go Orange.
Score 0/89 Timer 08:00
20 Plays Today
Team Runningback % Correct
TitansChris Johnson
84.4%
ChiefsLarry Johnson
84.2%
PanthersDeAngelo Williams
80.7%
BuccaneersCadillac Williams
80.6%
VikingsAdrian Peterson
79.3%
CowboysEmmitt Smith
78.7%
ChiefsClyde Edwards-Helaire
78.5%
VikingsRobert Smith
78.5%
DolphinsSammie Smith
78.4%
FalconsTony Smith
78.4%
ChargersLaDainian Tomlinson
76.3%
RamsSteven Jackson
75.8%
CowboysFelix Jones
75.7%
LionsKevin Jones
75.5%
CardinalsThomas Jones
75.5%
EaglesHarry Jones
75.4%
RamsTodd Gurley
73.4%
BuccaneersDoug Martin
69.3%
JaguarsLeonard Fournette
69.3%
ColtsDonald Brown
68.8%
DolphinsRonnie Brown
68.8%
ChargersMelvin Gordon
67.7%
RavensJamal Lewis
66.6%
BrownsTrent Richardson
66.5%
ColtsEdgerrin James
65.8%
SeahawksShaun Alexander
64.5%
SaintsReggie Bush
64.3%
BengalsCharles Alexander
64.3%
BillsMarshawn Lynch
63.8%
BillsC.J. Spiller
63.6%
Team Runningback % Correct
SaintsMark Ingram
63%
RaidersDarren McFadden
61.2%
JaguarsTravis Etienne
59.3%
SteelersRashard Mendenhall
58.9%
PanthersJonathan Stewart
58.9%
BearsCedric Benson
58.6%
JaguarsFred Taylor
56.7%
BroncosKnowshon Moreno
56.3%
BrownsWilliam Green
56.1%
ColtsJoseph Addai
55.8%
ChargersRyan Mathews
53.4%
SeahawksRashaad Penny
51.2%
CowboysEzekiel Elliott
50.3%
LionsBarry Sanders
50.2%
TitansEddie George
49.2%
BuccaneersWarrick Dunn
48.4%
CardinalsChris Wells
46.6%
RaidersJosh Jacobs
46.3%
BillsWillis McGahee
45%
JetsBlair Thomas
44.6%
GiantsDavid Wilson
43.1%
SaintsDeuce McAllister
41.7%
LionsJahvid Best
39.7%
PatriotsLaurence Maroney
35.1%
GiantsSaquon Barkley
34.5%
BengalsKi-Jana Carter
33.5%
49ersDexter Carter
33.3%
PanthersChristian McCaffrey
32.1%
GiantsRon Dayne
28.8%
TitansLorenzo White
28%
Team Runningback % Correct
CardinalsGarrison Hearst
24.8%
PatriotsSony Michel
22.5%
PatriotsRobert Edwards
22.2%
VikingsMichael Bennett
21.3%
BearsCurtis Enis
21.1%
SeahawksCurt Warner
19.8%
ChiefsGreg Hill
19.7%
FalconsT.J. Duckett
19.4%
BearsRashaan Salaam
19%
BengalsChris Perry
15%
JetsFreeman McNeil
13.6%
RamsTrung Canidate
11.8%
RaidersNapoleon Kaufman
11.2%
PackersDarrell Thompson
8%
SteelersNajee Harris
7.1%
EaglesKeith Byars
5.7%
JetsRoger Vick
4.3%
BrownsTommy Vardell
3.7%
SteelersTim Worley
2.8%
BroncosSteve Sewell
2.3%
DolphinsJohn Avery
2.1%
49ersEarl Cooper
2.1%
PackersBrent Fullwood
2%
EaglesMichael Haddix
1.6%
PackersEddie Lee Ivery
1.6%
BroncosGerald Willhite
1.3%
FalconsSteve Broussard
1.3%
49ersTerrence Flagler
0.8%
Washington Football TeamRay McDonald
0.7%

From the Vault

19th Century Women Match-Up

by khands

History 5m
Even without the internet, these historical figures managed to become known worldwide.
Remove Ads.
Support Sporcle.
Get the best of Sporcle when you Go Orange. This ad-free experience offers more features, more stats, and more fun while also helping to support Sporcle. Thank you for becoming a member.

Show Comments

Extras

Top Quizzes Today


Score Distribution

Your Account Isn't Verified!

In order to create a playlist on Sporcle, you need to verify the email address you used during registration. Go to your Sporcle Settings to finish the process.

Report this User

Report this user for behavior that violates our Community Guidelines.

Details: